000 00383nam a22001337a 4500
005 20150515020007.0
008 140103b xxu||||| |||| 00| 0 eng d
050 _aBJ21.
_bD184 2009
100 _aDaniel, David M.
_96502
245 _aEthics and Moral Philosophy
_cDaniel, David M.
260 _aLondon
_bSCM Press
_c2009
300 _axiv, 354p. ;
_c25cm.
942 _2lcc
_cMONOGRAPH
_07
999 _c119503
_d119503